| 000 | 00528 a2200181 4500 | ||
|---|---|---|---|
| 003 | OSt | ||
| 005 | 20260310135947.0 | ||
| 008 | 260310b |||||||| |||| 00| 0 eng d | ||
| 020 | _a9788177058765 | ||
| 040 | _coclc | ||
| 082 |
_a894.8122 _bTHO/N |
||
| 100 | 0 |
_aThoppil Bhasi, _d1924-1992 _96884 |
|
| 245 |
_aNingalenne communistakki / _cThoppil Bhasi |
||
| 250 | _a12th ed | ||
| 260 |
_aKerala: _bPrabath book house, _c2022 |
||
| 300 | _a125 pages | ||
| 942 |
_2ddc _cBK _h894.8122 _iTHO/N _k894.8122 _mTHO/N |
||
| 999 |
_c44708 _d44708 |
||